Využitie amíno-substituovaných zlúčenín pri príprave amfifilov

Guardado en:
Detalles Bibliográficos
Autor principal: Adamová, Monika (Autor)
Otros Autores: Bortňák, Dušan (Orientador)
Formato: Manuscrito Libro
Lenguaje:eslovaco
Publicado: 2025
Materias:
Acceso en línea:http://is.stuba.sk/zp/portal_zp.pl?podrobnosti=178269
Etiquetas: Agregar Etiqueta
Sin Etiquetas, Sea el primero en etiquetar este registro!

MARC

LEADER 00000ntm a22000003a 4500
001 stuzp105216
003 SK-STU
005 20250628212439.4
007 ta
008 150427s2015----xo-----f-mn---000-0-slo-d
040 |a STU  |b slo 
041 0 |a slo 
100 1 |a Adamová, Monika  |u 048140  |4 aut  |U FCHPT Ústav organickej chémie, katalýzy a petrochémie  |T FCHPT Oddelenie organickej chémie  |X 115953  |U C8140  |Y 124  |7 115953 
242 0 1 |a The utilisation of amino-substituted compounds in the preparation of amphiphiles  |y eng 
245 1 0 |a Využitie amíno-substituovaných zlúčenín pri príprave amfifilov 
260 |c 2025 
650 4 |a amíno-substituované zlúčeniny  |2 slo 
650 4 |a amfifily  |2 slo 
650 4 |a pyrazoly  |2 slo 
650 4 |a PIDA  |2 slo 
650 4 |a Kopulačná reakcia  |2 slo 
650 4 |a redukcia azo-zlúčeniny  |2 slo 
650 4 |a PIDA  |2 eng 
650 4 |a pyrazoles  |2 eng 
650 4 |a reduction of azo compounds  |2 eng 
650 4 |a amphiphiles  |2 eng 
650 4 |a amino-substituted compounds  |2 eng 
650 4 |a coupling reaction  |2 eng 
700 1 |a Bortňák, Dušan  |u 048140  |k Z1  |4 ths  |U FCHPT Ústav organickej chémie, katalýzy a petrochémie  |T FCHPT Oddelenie organickej chémie  |X 42446  |U C8140  |Y 124  |7 42446 
856 4 |u http://is.stuba.sk/zp/portal_zp.pl?podrobnosti=178269